5HLuxD.jpg

KING HENRY VIII SENIOR AND PRIMARY SCHOOL LIBRARY OPAC

The secret cookie club. (Record no. 1717)

000 -LEADER
fixed length control field 00593aam a2200229 4500
003 - CONTROL NUMBER IDENTIFIER
control field OSt
005 - DATE AND TIME OF LATEST TRANSACTION
control field 20230120142132.0
008 - FIXED-LENGTH DATA ELEMENTS--GENERAL INFORMATION
fixed length control field 170704t20172016nyu j 001 1 eng d
020 ## - INTERNATIONAL STANDARD BOOK NUMBER
International Standard Book Number 9781481448222
040 ## - CATALOGING SOURCE
Original cataloging agency CaOL
Description conventions rda
Transcribing agency .
Modifying agency KH8
082 ## - DEWEY DECIMAL CLASSIFICATION NUMBER
Classification number FIC FRE
100 1# - MAIN ENTRY--PERSONAL NAME
Personal name Freeman, Martha,
Dates associated with a name 1956-
Relator term author.
245 14 - TITLE STATEMENT
Title The secret cookie club.
Name of part/section of a work Campfire cookies.
246 30 - VARYING FORM OF TITLE
Title proper/short title Campfire cookies.
264 #1 - PRODUCTION, PUBLICATION, DISTRIBUTION, MANUFACTURE, AND COPYRIGHT NOTICE
Date of production, publication, distribution, manufacture, or copyright notice 2017.
264 #4 - PRODUCTION, PUBLICATION, DISTRIBUTION, MANUFACTURE, AND COPYRIGHT NOTICE
Date of production, publication, distribution, manufacture, or copyright notice ©2016.
300 ## - PHYSICAL DESCRIPTION
Extent 284 pages ;
Dimensions 19 cm.
490 1# - SERIES STATEMENT
Series statement Secret cookie club.
650 ## - SUBJECT ADDED ENTRY--TOPICAL TERM
Topical term or geographic name entry element Camps Fiction
830 #0 - SERIES ADDED ENTRY--UNIFORM TITLE
Uniform title Secret Cookie Club.
942 ## - ADDED ENTRY ELEMENTS (KOHA)
Source of classification or shelving scheme
Koha item type Books - Non Ficton
Holdings
Withdrawn status Lost status Source of classification or shelving scheme Damaged status Not for loan Collection code Permanent Location Current Location Shelving location Date acquired Total Checkouts Full call number Barcode Date last seen Date last checked out Price effective from Koha item type
          Non-Fiction KH8 Primary School Library KH8 Primary School Library Non Fiction 2023-01-20 8 FIC FRE KHPL000003475 2025-12-05 2025-05-14 2023-01-20 Books - Non Ficton

Powered By KH8 IT Dept